Statistics for 20 самых населённых городов мира

Click here to take the quiz!

General Stats

  • This quiz has been taken 1 008 times
  • The average score is 9 of 20

Answer Stats

НаселениеГород% Correct
17.3mМосква
94%
37.7mТокио
89%
18.52mПекин
89%
21.5mНью-Йорк
84%
24mШанхай
60%
32.2mДели
53%
23.01mСеул
50%
21.8mМехико
45%
16mСтамбул
43%
33.7mДжакарта
37%
20.2mКаир
37%
24.97mМумбаи
30%
26.9mГуанчжоу
28%
18.6mДакка
27%
24.92mМанила
23%
23.08mСан-Паулу
23%
18mБангкок
22%
16.7mБуэнос-Айрес
22%
16.6mЛагос
21%
18.50mКалькутта
12%

Score Distribution

Percentile by Number Answered

Percent of People with Each Score

Your Score History

You have not taken this quiz